000 00737cam a2200241 a 4500
001 000004584
005 20200929151450.0
008 890731s1999 sp 000 0 spa
020 _a8420425095
040 _aDO-SdBNP
_bspa
_cBNPHU
082 _a833.914
_bG768a, 1999
100 1 _aGrass, Günter,
_d1927-
_93769
240 1 0 _aHundejahre
_lEspañol
245 1 0 _aAños de perro /
_cGünter Grass ; traducción de Carlos Gerhard.
250 _a2a ed.
260 _aMadrid :
_bAlfaguara,
_c1999.
300 _a648 p. ;
_c22 cm.
534 _aTítulo original: Hundejahre
650 4 _aNovela alemana
_93302
650 4 _aLiteratura alemana
_93274
700 1 2 _aGerhard, Carlos,
_etr.
_95131
910 _aValidado. Control de calidad MFF
999 _c4392
_d4392